American Lutheranism Vindicated; or, Examination of the Lutheran Symbols, on Certain Disputed Topics : (Record no. 247362)
[ view plain ]
| 000 -LEADER | |
|---|---|
| fixed length control field | 00973cam a22002653a 4500 |
| 001 - CONTROL NUMBER | |
| control field | 18107 |
| 003 - CONTROL NUMBER IDENTIFIER | |
| control field | PGUSA |
| 005 - DATE AND TIME OF LATEST TRANSACTION | |
| control field | 20140828083403.0 |
| 008 - FIXED-LENGTH DATA ELEMENTS--GENERAL INFORMATION | |
| fixed length control field | 060402s2006||||xxu|||||s|||||000 | eng d |
| 040 ## - CATALOGING SOURCE | |
| Original cataloging agency | PGUSA |
| Language of cataloging | eng |
| 042 ## - AUTHENTICATION CODE | |
| Authentication code | dc |
| 050 #4 - LIBRARY OF CONGRESS CALL NUMBER | |
| Classification number | BX |
| 100 1# - MAIN ENTRY--PERSONAL NAME | |
| Personal name | Schmucker, S. S. |
| Fuller form of name | (Samuel Simon), |
| Dates associated with a name | 1799-1873 |
| 245 10 - TITLE STATEMENT | |
| Title | American Lutheranism Vindicated; or, Examination of the Lutheran Symbols, on Certain Disputed Topics : |
| Remainder of title | Including a Reply to the Plea of Rev. W. J. Mann |
| Medium | [electronic resource] / |
| Statement of responsibility, etc | S. S. Schmucker |
| 260 ## - PUBLICATION, DISTRIBUTION, ETC. (IMPRINT) | |
| Name of publisher, distributor, etc | Project Gutenberg, |
| Date of publication, distribution, etc | 2006 |
| 506 ## - RESTRICTIONS ON ACCESS NOTE | |
| Terms governing access | Public domain in the USA. |
| 516 ## - TYPE OF COMPUTER FILE OR DATA NOTE | |
| Type of computer file or data note | Electronic text |
| 653 ## - INDEX TERM--UNCONTROLLED | |
| Uncontrolled term | Lutheran Church -- Controversial literature |
| 653 ## - INDEX TERM--UNCONTROLLED | |
| Uncontrolled term | Lutheran Church -- Catechisms |
| 653 ## - INDEX TERM--UNCONTROLLED | |
| Uncontrolled term | Mann, W. J. (William Julius), 1819-1892. Plea for the Augsburg Confession |
| 653 ## - INDEX TERM--UNCONTROLLED | |
| Uncontrolled term | Augsburg Confession |
| 830 #0 - SERIES ADDED ENTRY--UNIFORM TITLE | |
| Uniform title | Project Gutenberg |
| Volume number/sequential designation | 18107 |
| 856 40 - ELECTRONIC LOCATION AND ACCESS | |
| Uniform Resource Identifier | <a href="http://www.gutenberg.org/ebooks/18107">http://www.gutenberg.org/ebooks/18107</a> |
| 942 ## - ADDED ENTRY ELEMENTS (KOHA) | |
| Koha item type | eBooks |
| Withdrawn status | Lost status | Damaged status | Home library | Current library | Date acquired | Total Checkouts | Date last seen | Price effective from | Koha item type |
|---|---|---|---|---|---|---|---|---|---|
| Project Gutenberg | Project Gutenberg | 08/28/2014 | 08/28/2014 | 08/28/2014 | eBooks |